|
|
|
|
| LEADER |
01996nam a2200457 i 4500 |
| 001 |
EBC4742718 |
| 003 |
MiAaPQ |
| 005 |
20200520144314.0 |
| 006 |
m o d | |
| 007 |
cr cnu|||||||| |
| 008 |
161124t20162016fr a ob 000 0 fre d |
| 020 |
|
|
|z 9782759225200
|
| 020 |
|
|
|a 9782759225217
|q (electronic bk.)
|
| 035 |
|
|
|a (MiAaPQ)EBC4742718
|
| 035 |
|
|
|a (Au-PeEL)EBL4742718
|
| 035 |
|
|
|a (CaPaEBR)ebr11298259
|
| 035 |
|
|
|a (OCoLC)963695985
|
| 040 |
|
|
|a MiAaPQ
|b eng
|e rda
|e pn
|c MiAaPQ
|d MiAaPQ
|
| 050 |
|
4 |
|a RA644.Z56
|b .B735 2016
|
| 082 |
0 |
|
|a 614.5885
|2 23
|
| 100 |
1 |
|
|a Braly, Jean-Philippe,
|e author.
|
| 245 |
1 |
4 |
|a Les maladies emergentes :
|b Zika, Ebola, chikungunya ... Comprendre ces infections et les prevenir au quotidien /
|c Jean-Philippe Braly, Avec Yazdan Yazdanpanah.
|
| 264 |
|
1 |
|a Versailles, [France] :
|b Editions Quae,
|c 2016.
|
| 264 |
|
4 |
|c 2016
|
| 300 |
|
|
|a 1 online resource (163 pages) :
|b illustrations
|
| 336 |
|
|
|a text
|2 rdacontent
|
| 337 |
|
|
|a computer
|2 rdamedia
|
| 338 |
|
|
|a online resource
|2 rdacarrier
|
| 504 |
|
|
|a Includes bibliographical references.
|
| 588 |
|
|
|a Description based on online resource; title from PDF title page (ebrary, viewed November 24, 2016).
|
| 590 |
|
|
|a Electronic reproduction. Ann Arbor, MI : ProQuest, 2016. Available via World Wide Web. Access may be limited to ProQuest affiliated libraries.
|
| 650 |
|
0 |
|a Zika virus infection.
|
| 650 |
|
0 |
|a Zika virus.
|
| 650 |
|
0 |
|a Ebola virus disease.
|
| 650 |
|
0 |
|a Ebola virus disease
|x Prevention.
|
| 650 |
|
0 |
|a Chikungunya.
|
| 655 |
|
4 |
|a Electronic books.
|
| 700 |
1 |
|
|a Yazdanpanah, Avec Yazdan,
|e author.
|
| 776 |
0 |
8 |
|i Print version:
|a Braly, Jean-Philippe.
|t Maladies emergentes : Zika, Ebola, chikungunya ... Comprendre ces infections et les prevenir au quotidien.
|d Versailles, [France] : Editions Quae, c2016
|h 159 pages
|z 9782759225200
|
| 797 |
2 |
|
|a ProQuest (Firm)
|
| 856 |
4 |
0 |
|u https://ebookcentral.proquest.com/lib/matrademy/detail.action?docID=4742718
|z Click to View
|